ბათუმის შოთა რუსთაველის სახელმწიფო უნივერსიტეტის ბიბლიოთეკა

Сорта плодовых и ягодных культур (ბიბ.ჩანაწერი № 45868)

000 -LEADER
fixed length control field 00690nam a2200217Ia 4500
001 - CONTROL NUMBER
control field 12697
003 - CONTROL NUMBER IDENTIFIER
control field GE_BSU
008 - FIXED-LENGTH DATA ELEMENTS--GENERAL INFORMATION
fixed length control field 181216s||||||||xx |||||||||||||| ||und||
040 ## - CATALOGING SOURCE
Transcribing agency GE_BSU
080 ## - UNIVERSAL DECIMAL CLASSIFICATION NUMBER
Universal Decimal Classification number 634.1:631.526.32
100 ## - MAIN ENTRY--PERSONAL NAME
Personal name Веньяминов,А.Н. Исаев,С.И. Заец,В.К. и др.
245 ## - TITLE STATEMENT
Title Сорта плодовых и ягодных культур
245 ## - TITLE STATEMENT
Statement of responsibility, etc. Под.общ.ред.А.Н.Веньяминов
260 ## - PUBLICATION, DISTRIBUTION, ETC.
Place of publication, distribution, etc. Москва
260 ## - PUBLICATION, DISTRIBUTION, ETC.
Name of publisher, distributor, etc. Сельхозгиз
260 ## - PUBLICATION, DISTRIBUTION, ETC.
Date of publication, distribution, etc. 1953
300 ## - PHYSICAL DESCRIPTION
Extent 1007стр.илл.26см.
300 ## - PHYSICAL DESCRIPTION
Accompanying material Таблицы LXXV
653 ## - INDEX TERM--UNCONTROLLED
Uncontrolled term Сорта плодовых и ягодных культур
942 ## - ADDED ENTRY ELEMENTS (KOHA)
Koha item type წიგნი
ეგზემპლარები
Withdrawn status Lost status Damaged status Not for loan Date acquired Barcode Date last seen Price effective from Koha item type
        2018-12-17 20763 2018-12-17 2018-12-17 წიგნი